Wir riefen Moskau zu Hilfe der "Prager Frühling" aus der Sicht eines Beteiligten
| Main Author: | |
|---|---|
| Other Authors: | |
| Format: | Book |
| Language: | German Slovak |
| PhysicalDescription: | 287 s. ilustr. 21 cm |
| Published: |
Berlin
Ost
c2006
|
| ISBN: | 3360010760 9783360010766 |
| Subjects: |
MARC
| LEADER | 00000nam a2200000 a 4500 | ||
|---|---|---|---|
| 001 | vtls008950264 | ||
| 003 | SK-MaSNL | ||
| 005 | 20260302042700.0 | ||
| 008 | 240313s2006 gw a n 001 0dger | ||
| 015 | |a SNBZSA2008-00076 | ||
| 020 | |a 3360010760 |q (brož.) | ||
| 020 | |a 9783360010766 | ||
| 035 | |a 44E446B8-088F-472B-B4AE-0426A7672064 | ||
| 035 | |a urn:nbn:sk:snk-amldkz | ||
| 035 | |a urn:nbn:sk:snk-am009022 | ||
| 040 | |a SNK |b slo |c SNK |e AACR2 | ||
| 041 | 1 | |a ger |a slo | |
| 072 | 7 | |a 94(437) |x Dejiny Česka a Slovenska |2 konspekt | |
| 080 | |a 94(437) |x "1968" |2 2001 | ||
| 080 | |a 323 |x (437) |2 2001 | ||
| 080 | |a 327 |2 2001 | ||
| 100 | 1 | |a Biľak, Vasil, |d 1917-2014 |4 aut |9 167040 | |
| 245 | 1 | 0 | |a Wir riefen Moskau zu Hilfe |b der "Prager Frühling" aus der Sicht eines Beteiligten |c Vasil Bilak ; herausgegeben und übersetzt von Klaus Kukuk |
| 260 | |a Berlin |b Ost |c c2006 | ||
| 300 | |a 287 s. |b ilustr. |c 21 cm | ||
| 500 | |a Biogr. údaje | ||
| 504 | |a Bibliogr. odkazy. Reg. | ||
| 600 | 1 | 7 | |a Biľak, Vasil, |d 1917-2014 |2 snkph |9 167040 |
| 610 | 7 | |a Komunistická strana Československa |2 snkph |9 32256 | |
| 650 | 0 | 7 | |a zahraničná politika |2 snkph |9 971 |
| 651 | 7 | |a Československo |x dejiny |y 1968 |2 snkph |9 62795 | |
| 651 | 7 | |a Československo |x politika a vláda |2 snkph |9 236320 | |
| 655 | 7 | |a pamäti |2 snkph |9 76080 | |
| 700 | 1 | |a Kukuk, Klaus |4 edt |4 trl |9 406211 | |
| 919 | |a 3-360-01076-0 | ||
| 919 | |a 978-3-360-01076-6 | ||
| 958 | |a ZS | ||
| 958 | |a RU | ||
| 958 | |a NB | ||
| 958 | |a BX | ||
| 958 | |a OND | ||
| 999 | |c 1083721 |d 1085651 | ||
| 952 | |a SNK |b SNK |y PREZ |7 0 |p 17A0535395 |o snkSC 127026 |i snk2007/6326 |8 2 |g 16.96 |0 0 |1 0 |4 0 |d 2007-02-28 |f 1 |l 0 |r 2025-06-16 00:00:00 |w 2026-02-24 | ||


